Fan into Flame (Record no. 3926)
| 000 -LEADER | |
|---|---|
| fixed length control field | 00385nam a22001577a 4500 |
| 003 - CONTROL NUMBER IDENTIFIER | |
| control field | OSt |
| 005 - DATE AND TIME OF LATEST TRANSACTION | |
| control field | 20170609150135.0 |
| 008 - FIXED-LENGTH DATA ELEMENTS--GENERAL INFORMATION | |
| fixed length control field | 170609b xxu||||| |||| 00| 0 eng d |
| 020 ## - INTERNATIONAL STANDARD BOOK NUMBER | |
| International Standard Book Number | 9789966349552 |
| 050 ## - LIBRARY OF CONGRESS CALL NUMBER | |
| Classification number | PR9381.9.G38 2016 |
| 100 ## - MAIN ENTRY--PERSONAL NAME | |
| Personal name | Gatu G. John |
| 245 ## - TITLE STATEMENT | |
| Title | Fan into Flame |
| Statement of responsibility, etc | John G. Gatu |
| 260 ## - PUBLICATION, DISTRIBUTION, ETC. (IMPRINT) | |
| Place of publication, distribution, etc | Nairobi |
| Name of publisher, distributor, etc | Moran Publishers |
| Date of publication, distribution, etc | 2016 |
| 300 ## - PHYSICAL DESCRIPTION | |
| Extent | xv, 319 |
| 942 ## - ADDED ENTRY ELEMENTS (KOHA) | |
| Source of classification or shelving scheme | |
| Koha item type | Book |
| Withdrawn status | Lost status | Source of classification or shelving scheme | Damaged status | Not for loan | Home library | Current library | Shelving location | Date acquired | Total Checkouts | Full call number | Barcode | Date last seen | Date checked out | Copy number | Price effective from | Koha item type |
|---|---|---|---|---|---|---|---|---|---|---|---|---|---|---|---|---|
| Riara University Library | Riara University Library | General stack | 09/06/2017 | 2 | PR9381.9.G38 2016 | 8992/17 | 20/01/2021 | 14/02/2020 | C.1 | 09/06/2017 | Book | |||||
| Riara University Library | Riara University Library | General stack | 09/06/2017 | 4 | PR9381.9.G38 2016 | 8991/17 | 19/10/2022 | 19/10/2022 | C.2 | 09/06/2017 | Book |
